Every Song by Arctic Monkeys - Statistics

General Stats
  • This quiz has been taken 255 times
    20 since last reset
  • The average score is 46 of 131
Answer Stats
Album Song % Correct
Non-Album(2018) -
100%
Favorite Worst Nightmare(2007) 505
94%
AM(2013) I Wanna Be Yours
94%
AM(2013) Knee Socks
88%
AM(2013) Do I Wanna Know?
82%
AM(2013) Why'd You Only Call Me When You're High?
82%
AM(2013) Arabella
76%
Favorite Worst Nightmare(2007) Fluorescent Adolescent
71%
Whatever People Say I Am, That's What I'm Not(2006) I Bet You Look Good on the Dance Floor
71%
AM(2013) No.1 Party Anthem
71%
AM(2013) Snap Out of It
71%
Favorite Worst Nightmare(2007) Brianstorm
65%
AM(2013) I Want It All
65%
AM(2013) Mad Sounds
65%
AM(2013) R U Mine?
65%
Favorite Worst Nightmare(2007) Teddy Picker
65%
Favorite Worst Nightmare(2007) Balaclava
59%
AM(2013) Fireside
59%
Whatever People Say I Am, That's What I'm Not(2006) From the Ritz to the Rubble
59%
Leave Before the Lights Come On(2006) Leave Before the Lights Come On
59%
AM(2013) One for the Road
59%
Non-Album(2026) Opening Night
59%
Favorite Worst Nightmare(2007) This House Is a Circus
59%
Humbug(2009) Cornerstone
53%
Humbug(2009) Crying Lightning
53%
Suck It and See(2011) Don't Sit Down 'Cause I've Moved Your Chair
53%
Favorite Worst Nightmare(2007) Old Yellow Bricks
53%
Humbug(2009) Secret Door
53%
Suck It and See(2011) Suck It and See
53%
The Car(2022) The Car
53%
Who the Fuck Are Arctic Monkeys?(2006) Who the Fuck Are Arctic Monkeys?
53%
The Car(2022) Body Paint
47%
Favorite Worst Nightmare(2007) D is for Dangerous
47%
Favorite Worst Nightmare(2007) Do Me a Favour
47%
Tranquility Base Hotel & Casino(2018) Four Out of Five
47%
The Car(2022) I Ain't Quite Where I Think I Am
47%
Whatever People Say I Am, That's What I'm Not(2006) The View From the Afternoon
47%
Tranquility Base Hotel & Casino(2018) Tranquility Base Hotel & Casino
47%
Whatever People Say I Am, That's What I'm Not(2006) When the Sun Goes Down
47%
Whatever People Say I Am, That's What I'm Not(2006) A Certain Romance
41%
Whatever People Say I Am, That's What I'm Not(2006) Dancing Shoes
41%
Favorite Worst Nightmare(2007) If You Were There, Beware
41%
The Car(2022) Mr Schwartz
41%
Humbug(2009) My Propeller
41%
Tranquility Base Hotel & Casino(2018) One Point Perspective
41%
Whatever People Say I Am, That's What I'm Not(2006) Perhaps Vampires Is a Bit Strong But...
41%
Whatever People Say I Am, That's What I'm Not(2006) Red Light Indicates Doors Are Secured
41%
Whatever People Say I Am, That's What I'm Not(2006) Riot Van
41%
The Car(2022) There'd Better Be a Mirrorball
41%
AM(Bonus)(2013) 2013
35%
Suck It and See(2011) Black Treacle
35%
Beneath the Boardwalk(2004) Cigarette Smoke
35%
Beneath the Boardwalk(2004) | Whatever People Say I Am, That's What I'm Not(2006) Fake Tales of San Francisco
35%
Whatever People Say I Am, That's What I'm Not(2006) Mardy Bum
35%
Who the Fuck Are Arctic Monkeys?(2006) No Buses
35%
Favorite Worst Nightmare(2007) Only Ones Who Know
35%
The Car(2022) Sculptures of Anything Goes
35%
Tranquility Base Hotel & Casino(2018) She Looks Like Fun
35%
AM(B-Sides)(2013) Stop the World I Wanna Get Off With You
35%
Humbug(2009) The Jeweller's Hands
35%
Tranquility Base Hotel & Casino(2018) The Ultracheese
35%
Tranquility Base Hotel & Casino(2018) The World's First Ever Monster Truck Front Flip
35%
Leave Before the Lights Come On(2006) Baby I'm Yours
29%
Suck It and See(2011) Brick by Brick
29%
Who the Fuck Are Arctic Monkeys?(2006) Cigarette Smoker Fiona
29%
Who the Fuck Are Arctic Monkeys?(2006) Despair in the Departure Lounge
29%
AM(B-Sides)(2013) Electricity
29%
Humbug(2009) Fire and the Thud
29%
The Car(2022) Hello You
29%
Suck It and See(2011) Piledriver Waltz
29%
Leave Before the Lights Come On(2006) Put Your Dukes Up John
29%
Tranquility Base Hotel & Casino(2018) Star Treatment
29%
Whatever People Say I Am, That's What I'm Not(2006) You Probably Couldn't See for the Lights But You Were Staring Straight at Me
29%
Whatever People Say I Am, That's What I'm Not(B-Sides)(2006) 7
24%
Tranquility Base Hotel & Casino(2018) American Sports
24%
Whatever People Say I Am, That's What I'm Not(B-Sides)(2006) Bigger Boys and Stolen Sweethearts
24%
Humbug(B-Sides)(2009) Catapult
24%
Whatever People Say I Am, That's What I'm Not(B-Sides)(2006) Chun-Li's Spinning Bird Kick
24%
Favorite Worst Nightmare(Bonus)(2007) Da Frame 2R
24%
Humbug(2009) Dance Little Liar
24%
Suck It and See(B-Sides)(2011) Evil Twin
24%
The Car(2022) Jet Skis on the Moat
24%
Suck It and See(2011) Library Pictures
24%
Suck It and See(2011) Love is a Laserquest
24%
Favorite Worst Nightmare(Bonus)(2007) Matador
24%
The Car(2022) Perfect Sense
24%
Suck It and See(2011) She's Thunderstorms
24%
Whatever People Say I Am, That's What I'm Not(2006) Still Take You Home
24%
Suck It and See(2011) That's Where You're Wrong
24%
Favorite Worst Nightmare(2007) The Bad Thing
24%
Suck It and See(2011) The Hellcat Spangled Shalalala
24%
AM(B-Sides)(2013) Your're So Dark
24%
Tranquility Base Hotel & Casino(2018) Batphone
18%
The Car(2022) Big Ideas
18%
Beneath the Boardwalk(2004) Choo Choo
18%
Tranquility Base Hotel & Casino(2018) Golden Trunks
18%
Humbug(B-Sides)(2009) Joining the Dots
18%
Favorite Worst Nightmare(B-Sides)(2007) Nettles
18%
Humbug(2009) Potion Approaching
18%
Humbug(2009) Pretty Visitors
18%
Suck It and See(2011) Reckless Serenade
18%
Whatever People Say I Am, That's What I'm Not(B-Sides)(2006) Settle for a Draw
18%
Humbug(B-Sides)(2009) Sketchead
18%
Humbug(B-Sides)(2009) The Afternoon's Hat
18%
Favorite Worst Nightmare(B-Sides)(2007) The Bakery
18%
Favorite Worst Nightmare(B-Sides)(2007) Too Much to Ask
18%
Favorite Worst Nightmare(B-Sides)(2007) What If You Were Right the First Time
18%
Suck It and See(B-Sides)(2011) You & I
18%
Suck It and See(2011) All My Own Stunts
12%
Tranquility Base Hotel & Casino(B-Sides)(2018) Anyways
12%
Favorite Worst Nightmare(B-Sides)(2007) Bad Woman
12%
Humbug(2009) Dangerous Animals
12%
Humbug(B-Sides)(2009) Don’t Forget Whose Legs You’re On
12%
Don't Sit Down 'Cause I've Moved Your Chair(2011) I.D.S.T.
12%
Favorite Worst Nightmare(B-Sides)(2007) If You Found This It's Probably Too Late
12%
Suck It and See(B-Sides)(2011) Little Illusion Machine(Wirral Riddler)
12%
Beneath the Boardwalk(2004) On the Run From the MI5
12%
Tranquility Base Hotel & Casino(2018) Science Fiction
12%
Beneath the Boardwalk(2004) Scummy
12%
Whatever People Say I Am, That's What I'm Not(B-Sides)(2006) Stickin' to the Floor
12%
Favorite Worst Nightmare(B-Sides)(2007) Temptation Greets You Like Your Naughty Friend
12%
Don't Sit Down 'Cause I've Moved Your Chair(2011) The Blond-O-Sonic Shimmer Trap
12%
Favorite Worst Nightmare(B-Sides)(2007) The Death Ramps
12%
Beneath the Boardwalk(2004) Wavin' Bye to the Train or the Bus
12%
Beneath the Boardwalk(2004) Knock a Door Run
6%
Favorite Worst Nightmare(B-Sides)(2007) Plastic Tramp
6%
Beneath the Boardwalk(2004) Space Invaders
6%
Beneath the Boardwalk(2004) Curtains Closed
0%
Non-Album(2008) Diamonds are Forever
0%
Humbug(Bonus)(2009) I Haven't Got My Strange
0%
No matching quizzes found
Score Distribution
Percent of People with Each Score
Percentile by Number Answered
Your Score History
You have not taken this quiz since the last reset